Индуцированная водородом релаксация ультрамелкозернистой структуры в аустенитной нержавеющей стали; Перспективные материалы с иерархической структурой для новых технологий и надежных конструкций

Manylion Llyfryddiaeth
Parent link:Перспективные материалы с иерархической структурой для новых технологий и надежных конструкций.— 2017.— [С. 400-402]
Awdur Corfforaethol: Национальный исследовательский Томский политехнический университет (ТПУ)
Awduron Eraill: Астафурова Е. Г., Майер Г. Г. Галина Геннадьевна, Мельников Е. В., Москвина В. А., Раточка И. В., Мишин И. П., Захаров Г. Н., Астафуров С. В.
Crynodeb:Заглавие с экрана
Iaith:Rwseg
Cyhoeddwyd: 2017
Cyfres:Научные основы разработки материалов с многоуровневой иерархической структурой, в том числе для экстремальных условий эксплуатации
Pynciau:
Mynediad Ar-lein:http://www.ispms.ru/files/Conference/2017_m/sb_tez_2017.pdf#page=400
Fformat: Electronig Pennod Llyfr
KOHA link:https://koha.lib.tpu.ru/cgi-bin/koha/opac-detail.pl?biblionumber=657016

MARC

LEADER 00000nla2a2200000 4500
001 657016
005 20231101134942.0
035 |a (RuTPU)RU\TPU\network\23496 
035 |a RU\TPU\network\23495 
090 |a 657016 
100 |a 20171225d2017 k y0rusy50 ca 
101 0 |a rus 
102 |a RU 
105 |a a z 101zy 
135 |a drgn ---uucaa 
181 0 |a i  
182 0 |a b 
200 1 |a Индуцированная водородом релаксация ультрамелкозернистой структуры в аустенитной нержавеющей стали  |f Е. Г. Астафурова [и др.] 
203 |a Текст  |c электронный 
225 1 |a Научные основы разработки материалов с многоуровневой иерархической структурой, в том числе для экстремальных условий эксплуатации 
300 |a Заглавие с экрана 
463 1 |0 (RuTPU)RU\TPU\network\23304  |t Перспективные материалы с иерархической структурой для новых технологий и надежных конструкций  |o тезисы докладов Международной конференции, 9-13 октября 2017 г., Томск  |f Российская академия наук (РАН), Сибирское отделение (СО), Институт физики прочности и материаловедения (ИФПМ)  |v [С. 400-402]  |d 2017 
610 1 |a электронный ресурс 
610 1 |a труды учёных ТПУ 
610 1 |a индуцирование 
610 1 |a водород 
610 1 |a релаксация 
610 1 |a ультрамелкозернистые структуры 
610 1 |a аустенитные стали 
610 1 |a нержавеющие стали 
610 1 |a электролитическое наводороживание 
610 1 |a дефектные структуры 
610 1 |a деформирование 
610 1 |a прессование 
610 1 |a дефекты 
701 1 |a Астафурова  |b Е. Г. 
701 1 |a Майер  |b Г. Г.  |c специалист в области материаловедения  |c младший научный сотрудник Томского политехнического университета  |g Галина Геннадьевна  |2 stltpush  |3 (RuTPU)RU\TPU\pers\30666 
701 1 |a Мельников  |b Е. В. 
701 1 |a Москвина  |b В. А. 
701 1 |a Раточка  |b И. В. 
701 1 |a Мишин  |b И. П. 
701 1 |a Захаров  |b Г. Н. 
701 1 |a Астафуров  |b С. В. 
712 0 2 |a Национальный исследовательский Томский политехнический университет (ТПУ)  |c (2009- )  |2 stltpush  |3 (RuTPU)RU\TPU\col\15902 
801 1 |a RU  |b 63413507  |c 20101016 
801 2 |a RU  |b 63413507  |c 20171225  |g RCR 
856 4 |u http://www.ispms.ru/files/Conference/2017_m/sb_tez_2017.pdf#page=400 
942 |c CF